000 00704nam a2200181Ia 4500
008 151202s9999||||xx |||||||||||||| ||und||
082 _bPNVM-73778
100 _aलेले रा. के.
245 _aमराठी वृत्तपत्रांचा इतिहास.
260 _b"कॉन्टिनेन्टल प्रकाशन,पुणे."
260 _c7377
300 _a1166
600 _aलेले रा. के.
630 _aमराठी वृत्तपत्रांचा इतिहास.
700 _aलेले रा. के.
730 _aमराठी वृत्तपत्रांचा इतिहास.
942 _cBOOK
999 _c1340441
_d1340438